[Event "Sarospatak op"]
[Site "Sarospatak"]
[Date "1994.??.??"]
[Round "6"]
[White "Vorovic, Arkadij"]
[Black "Gyorfi, Lajos"]
[Result "1-0"]
[WhiteElo "2200"]
[BlackElo "2280"]
[PlyCount "37"]
[EventDate "1994.??.??"]
[EventType "swiss"]
[EventRounds "9"]
[EventCountry "HUN"]
[SourceTitle "EXT 1999"]
[Source "ChessBase"]
[SourceDate "1998.11.16"]
[SourceVersion "1"]
[SourceVersionDate "1998.11.16"]
[SourceQuality "1"]

1. d4 Nf6 2. c4 c5 3. dxc5 Qa5+ 4. Nc3 Qxc5 5. e3 g6 6. Nf3 Bg7 7. Be2 0-0 8. 0-0 Nc6 9. Qd2 d6 10. b3 Ne5 11. Bb2 Nxf3+ 12. Bxf3 Qg5 13. Rac1 Ng4 14. Nd5 Ne5 15. Be2 Bh3 16. Nf4 Bf5 17. Rfd1 Nc6 18. Bxg7 Kxg7 19. e4 1-0